| 000 | 00645nam a2200265Ia 4500 | ||
|---|---|---|---|
| 003 | OSt | ||
| 005 | 20221006142441.0 | ||
| 006 | a|||||r|||| 00| 0 | ||
| 007 | ta | ||
| 008 | 221006b |||||||| |||| 00| 0 eng d | ||
| 020 | _c25.00 | ||
| 024 | _a6,378 | ||
| 037 | _cTextual | ||
| 040 |
_aEASL _cEASL _beng |
||
| 041 |
_2eng _aeng |
||
| 082 | _aY.41.N4, H2 | ||
| 100 | _aMUKERJEE Hiren | ||
| 245 | 0 | _aChina calling | |
| 260 |
_aCalcutta _bAnti-Fascist People Union _c1942 |
||
| 300 |
_a90p. _ccm. |
||
| 490 | _v CEL | ||
| 650 | _aCEL | ||
| 942 |
_hY.41.N4, H2 _cTEXL _2CC |
||
| 999 |
_c1074464 _d1074464 |
||